[Event "Deutsche Ländermeisterschaft 2015"]
[Site "Hannover GER"]
[Date "2015.10.05"]
[Round "4"]
[White "Recktenwald, Cedric"]
[Black "Urban, Lars"]
[Result "0-1"]
[Termination "normal"]
[Board "6.1"]
[WhiteElo "1584"]
[BlackElo "2138"]
[WhiteTeam "Saarland"]
[BlackTeam "Thüringen"]
[PlyCount "108"]
[WhiteFideId "12971928"]
[BlackFideId "4644034"]
[EventCountry "GER"]
[EventRounds "7"]
[EventType "team-swiss"]
[EventDate "2015.10.02"]

1. e4 e6 2. d4 d5 3. exd5 exd5 4. Bd3 c5 5. c3 Nf6 6. Bg5 c4 7. Bc2 Bd6 8. Nf3
O-O 9. O-O Bg4 10. Nbd2 Nbd7 11. Bh4 Re8 12. Re1 Qc7 13. Bg3 b5 14. a3 a5 15.
Qb1 Bxg3 16. hxg3 Rxe1+ 17. Qxe1 Re8 18. Qf1 Rb8 19. Re1 b4 20. axb4 axb4 21.
Ne5 bxc3 22. bxc3 Rb2 23. Nxg4 Rxc2 24. Nxf6+ Nxf6 25. Re2 h6 26. Ne4 Rxe2 27.
Nxf6+ gxf6 28. Qxe2 Qd7 29. Qf3 f5 30. Kh2 Qe6 31. Kh3 Kg7 32. g4 Kg6 33. Kg3
Qe4 34. Qxe4 fxe4 35. Kf4 Kf6 36. f3 exf3 37. gxf3 Ke6 38. Ke3 Ke7 39. f4 Kf6
40. Kf3 Kg6 41. Kg3 f5 42. Kh4 fxg4 43. Kxg4 h5+ 44. Kh4 Kf5 45. Kxh5 Kxf4 46.
Kg6 Ke4 47. Kf6 Kd3 48. Ke5 Kxc3 49. Kxd5 Kb4 50. Ke6 c3 51. d5 c2 52. d6 c1=Q
53. Ke7 Qg5+ 54. Ke8 Qe5+ 0-1

[Event "Deutsche Ländermeisterschaft 2015"]
[Site "Hannover GER"]
[Date "2015.10.05"]
[Round "4"]
[White "Hoffmann, Tim"]
[Black "Haase, Dominik"]
[Result "1-0"]
[Termination "normal"]
[Board "6.2"]
[WhiteElo "2119"]
[BlackElo "1467"]
[WhiteTeam "Thüringen"]
[BlackTeam "Saarland"]
[PlyCount "65"]
[WhiteFideId "12900338"]
[BlackFideId "16208781"]
[EventCountry "GER"]
[EventRounds "7"]
[EventType "team-swiss"]
[EventDate "2015.10.02"]

1. e4 e6 2. d4 d5 3. Nd2 Nf6 4. e5 Nfd7 5. Bd3 c5 6. c3 Nc6 7. Ne2 cxd4 8. cxd4
f6 9. exf6 Nxf6 10. Nf3 Bd6 11. O-O Qc7 12. Nc3 a6 13. h3 O-O 14. Be3 e5 15.
dxe5 Nxe5 16. Be2 Qa5 17. Bd4 Nxf3+ 18. Bxf3 Be6 19. Re1 Bf5 20. Bxf6 Rxf6 21.
Qxd5+ Qxd5 22. Bxd5+ Kh8 23. Bxb7 Rb8 24. Bxa6 Rxb2 25. Re8+ Bf8 26. Nd5 Rf7
27. Ne3 g5 28. Bc4 Rf6 29. Nd5 Rf7 30. Nf4 gxf4 31. Bxf7 Kg7 32. Bc4 Bc5 33.
Re2 1-0

[Event "Deutsche Ländermeisterschaft 2015"]
[Site "Hannover GER"]
[Date "2015.10.05"]
[Round "4"]
[White "Zimmer, Luca"]
[Black "Nguyen, Huy Dat"]
[Result "0-1"]
[Termination "normal"]
[Board "6.3"]
[WhiteElo "1548"]
[BlackElo "2089"]
[WhiteTeam "Saarland"]
[BlackTeam "Thüringen"]
[PlyCount "88"]
[WhiteFideId "12921424"]
[BlackFideId "12923486"]
[EventCountry "GER"]
[EventRounds "7"]
[EventType "team-swiss"]
[EventDate "2015.10.02"]

1. e4 c5 2. Nc3 Nc6 3. Bb5 Nd4 4. Bd3 g6 5. f4 Bg7 6. Nf3 d6 7. O-O Bg4 8. Be2
Nxe2+ 9. Qxe2 Nf6 10. d3 O-O 11. Qf2 Qd7 12. Qh4 Bxf3 13. Rxf3 Qg4 14. Qxg4
Nxg4 15. f5 Bd4+ 16. Kh1 Nf2+ 17. Kg1 Nxe4+ 18. Be3 Nxc3 19. bxc3 Bxc3 20. Rb1
Rab8 21. fxg6 fxg6 22. Rxf8+ Kxf8 23. Rf1+ Kg7 24. Bg5 Bf6 25. Bd2 b5 26. Rb1
b4 27. c3 a5 28. Kf2 Ra8 29. Rc1 Rb8 30. Rb1 Rf8 31. cxb4 axb4 32. Ke1 Ra8 33.
Kd1 Rxa2 34. Ke1 Kf7 35. Kd1 Ke6 36. Rb3 Kd5 37. Ke1 Kc6 38. g4 Kb5 39. Rb1 Ka4
40. h3 Ka3 41. Kd1 Ra1 42. Bc1+ Ka2 43. Rxa1+ Bxa1 44. Kd2 Bb2 0-1

[Event "Deutsche Ländermeisterschaft 2015"]
[Site "Hannover GER"]
[Date "2015.10.05"]
[Round "4"]
[White "Heil, Lisa"]
[Black "Riedel, Erich"]
[Result "0-1"]
[Termination "normal"]
[Board "6.5"]
[WhiteElo "1056"]
[BlackElo "1826"]
[WhiteTeam "Saarland"]
[BlackTeam "Thüringen"]
[PlyCount "66"]
[WhiteFideId "16214412"]
[BlackFideId "12958646"]
[EventCountry "GER"]
[EventRounds "7"]
[EventType "team-swiss"]
[EventDate "2015.10.02"]

1. e4 e6 2. d4 d5 3. e5 c5 4. c3 Nc6 5. Nf3 Qb6 6. Bd3 Bd7 7. O-O cxd4 8. cxd4
Nxd4 9. Nxd4 Qxd4 10. Qe2 Qb6 11. Nc3 a6 12. Kh1 Bc5 13. Bf4 Ne7 14. a3 Rc8 15.
Rac1 O-O 16. b4 Bd4 17. Be3 Bxe3 18. fxe3 Ng6 19. Bxg6 hxg6 20. e4 d4 21. Na2
Bb5 22. Qf3 Bxf1 23. Qxf1 Rxc1 24. Qxc1 d3 25. Qd2 Qd4 26. Nc1 Qa1 27. Qe1 Rc8
28. Nxd3 Qxe1+ 29. Nxe1 Rc1 30. h3 Rxe1+ 31. Kh2 Rxe4 32. g4 Rxe5 33. Kg3 Re3+
0-1

[Event "Deutsche Ländermeisterschaft 2015"]
[Site "Hannover GER"]
[Date "2015.10.05"]
[Round "4"]
[White "Nguyen, Ha Thanh"]
[Black "Heil, Valerie"]
[Result "1-0"]
[Termination "normal"]
[Board "6.6"]
[WhiteElo "1719"]
[BlackElo "1313"]
[WhiteTeam "Thüringen"]
[BlackTeam "Saarland"]
[PlyCount "83"]
[WhiteFideId "12942154"]
[BlackFideId "16208790"]
[EventCountry "GER"]
[EventRounds "7"]
[EventType "team-swiss"]
[EventDate "2015.10.02"]

1. e4 e5 2. Nf3 Nc6 3. Bc4 Bc5 4. c3 Nf6 5. d3 O-O 6. O-O d6 7. h3 h6 8. Re1
Be6 9. Bb3 Qd7 10. Nbd2 Rae8 11. Nf1 d5 12. exd5 Bxd5 13. Ba4 e4 14. dxe4 Bxe4
15. Be3 Qxd1 16. Rexd1 Bxe3 17. Nxe3 Bxf3 18. gxf3 Rd8 19. Bxc6 bxc6 20. Nf5
Rxd1+ 21. Rxd1 Re8 22. Kf1 Nh5 23. Rd7 Nf4 24. Ne7+ Kf8 25. Nxc6 Ne6 26. a3 a6
27. Nd4 Nxd4 28. Rxd4 Rb8 29. b4 Ke7 30. Ke2 f6 31. Rg4 g5 32. Rd4 Rd8 33. Rxd8
Kxd8 34. Ke3 Kd7 35. f4 f5 36. fxg5 hxg5 37. Kd4 Kd6 38. c4 Kc6 39. Ke5 g4 40.
h4 Kd7 41. Kxf5 Ke7 42. Kxg4 1-0

[Event "Deutsche Ländermeisterschaft 2015"]
[Site "Hannover GER"]
[Date "2015.10.05"]
[Round "4"]
[White "Unbehend, Marius"]
[Black "Ratay, Meike"]
[Result "0-1"]
[Termination "normal"]
[Board "6.7"]
[WhiteElo "863"]
[BlackElo "1611"]
[WhiteTeam "Saarland"]
[BlackTeam "Thüringen"]
[PlyCount "122"]
[WhiteFideId "16214420"]
[BlackFideId "12977608"]
[EventCountry "GER"]
[EventRounds "7"]
[EventType "team-swiss"]
[EventDate "2015.10.02"]

1. e4 e5 2. Nf3 Nc6 3. Bc4 Bc5 4. O-O Nf6 5. d4 Bxd4 6. Ng5 O-O 7. c3 Bb6 8.
Qe2 d6 9. h3 h6 10. Nf3 Be6 11. Bxe6 fxe6 12. Be3 Qe8 13. Bxb6 axb6 14. Na3 Nh5
15. Nh4 g5 16. Nf3 Nf4 17. Qe3 Qh5 18. Nh2 Qg6 19. Nc4 Rae8 20. b4 h5 21. b5
Ne7 22. Nd2 Qg7 23. f3 d5 24. a4 d4 25. cxd4 exd4 26. Qe1 Neg6 27. a5 bxa5 28.
Rxa5 Ra8 29. Nc4 Rxa5 30. Qxa5 Ne5 31. Nb2 Qe7 32. b6 Nc6 33. Qb5 cxb6 34. Qxb6
Qb4 35. Qxb4 Nxb4 36. Rd1 Rc8 37. Nf1 Rc2 38. Na4 Rxg2+ 39. Kh1 Ra2 40. Nc5 Nc6
41. e5 Nxh3 42. Rd2 Rxd2 43. Nxd2 Nd8 44. Ndb3 b6 45. Nd3 Nc6 46. Kh2 Nf4 47.
Nxf4 gxf4 48. Kh3 Kg7 49. Kh4 Kg6 50. Kh3 d3 51. Kh4 Nxe5 52. Nd2 b5 53. Kh3
Nc4 54. Nb3 d2 55. Nxd2 Nxd2 56. Kh4 b4 57. Kh3 b3 58. Kh2 b2 59. Kh3 b1=Q 60.
Kg2 Qf1+ 61. Kh2 Nxf3# 0-1

[Event "Deutsche Ländermeisterschaft 2015"]
[Site "Hannover GER"]
[Date "2015.10.05"]
[Round "4"]
[White "Schmidek, Emil"]
[Black "Fidorra, Thomas"]
[Result "1-0"]
[Termination "normal"]
[Board "7.1"]
[WhiteElo "2171"]
[BlackElo "1972"]
[WhiteTeam "Berlin"]
[BlackTeam "Mecklenburg-Vorpommern"]
[PlyCount "87"]
[WhiteFideId "12908150"]
[BlackFideId "12913332"]
[EventCountry "GER"]
[EventRounds "7"]
[EventType "team-swiss"]
[EventDate "2015.10.02"]

1. e4 c5 2. Nf3 Nc6 3. d4 cxd4 4. Nxd4 g6 5. c4 Nf6 6. Nc3 d6 7. Be2 Nxd4 8.
Qxd4 Bg7 9. Bg5 O-O 10. Qe3 Be6 11. Rc1 Qb6 12. Qxb6 axb6 13. a4 h6 14. Bxf6
Bxf6 15. b3 Bxc3+ 16. Rxc3 g5 17. h4 Kg7 18. hxg5 hxg5 19. Rg3 f6 20. f4 Ra5
21. f5 Bf7 22. Rgh3 Rg8 23. Kd2 Re5 24. Kd3 Be8 25. Rh7+ Kf8 26. Bh5 Bxh5 27.
R1xh5 Ke8 28. Rh8 Rxh8 29. Rxh8+ Kd7 30. b4 Kc6 31. Ke3 e6 32. fxe6 Rxe6 33.
Kd4 Kc7 34. Rh7+ Kb8 35. Rf7 Ka8 36. Rf8+ Ka7 37. g4 b5 38. axb5 Kb6 39. Rf7
Ka7 40. c5 dxc5+ 41. bxc5 Kb8 42. b6 Kc8 43. Kd5 Rc6 44. Rg7 1-0

[Event "Deutsche Ländermeisterschaft 2015"]
[Site "Hannover GER"]
[Date "2015.10.05"]
[Round "4"]
[White "Schmekel, Florian"]
[Black "Schnabel, Bennett"]
[Result "0-1"]
[Termination "normal"]
[Board "7.2"]
[WhiteElo "1919"]
[BlackElo "2063"]
[WhiteTeam "Mecklenburg-Vorpommern"]
[BlackTeam "Berlin"]
[PlyCount "86"]
[WhiteFideId "12913456"]
[BlackFideId "12943290"]
[EventCountry "GER"]
[EventRounds "7"]
[EventType "team-swiss"]
[EventDate "2015.10.02"]

1. d4 d5 2. c4 e6 3. Nc3 c6 4. Nf3 dxc4 5. a4 Bb4 6. g3 Nf6 7. Bg5 Nbd7 8. Ne5
Qa5 9. Nxd7 Ne4 10. Bd2 Nxd2 11. Qxd2 Bxd7 12. e3 Qd5 13. Rg1 O-O 14. Kd1 Qf3+
15. Kc2 e5 16. Bxc4 exd4 17. exd4 Bf5+ 18. Kb3 Bxc3 19. bxc3 b5 20. axb5 cxb5
21. Bf1 Qd5+ 22. Kb2 Be6 23. Qd1 Rfc8 24. Ra5 Qc6 25. Qd2 Rab8 26. Bd3 b4 27.
c4 Qb6 28. Rc5 Rxc5 29. dxc5 Qxc5 30. Kb3 a5 31. Ra1 Rc8 32. Qe2 Qd4 33. Rc1
Rd8 34. Be4 Bd7 35. Ka2 a4 36. Rd1 Qc3 37. Qg4 Qxc4+ 38. Kb1 Qb3+ 39. Ka1 Qc3+
40. Ka2 Be6+ 41. Kb1 Qb3+ 42. Kc1 Rc8+ 43. Kd2 Bxg4 0-1

[Event "Deutsche Ländermeisterschaft 2015"]
[Site "Hannover GER"]
[Date "2015.10.05"]
[Round "4"]
[White "Acikel, Mert"]
[Black "Schumann, Rabea"]
[Result "1/2-1/2"]
[Termination "normal"]
[Board "7.3"]
[WhiteElo "1889"]
[BlackElo "1776"]
[WhiteTeam "Berlin"]
[BlackTeam "Mecklenburg-Vorpommern"]
[PlyCount "82"]
[WhiteFideId "12956465"]
[BlackFideId "12918199"]
[EventCountry "GER"]
[EventRounds "7"]
[EventType "team-swiss"]
[EventDate "2015.10.02"]

1. e4 c6 2. d4 d5 3. Nc3 dxe4 4. Nxe4 Nd7 5. Nf3 Ngf6 6. Nc3 e6 7. Bg5 Be7 8.
Bd3 O-O 9. O-O b6 10. Qe2 Bb7 11. Rad1 Nd5 12. Bxe7 Nxc3 13. Bxh7+ Kh8 14. Qd3
Qxe7 15. bxc3 c5 16. Be4 cxd4 17. Bxb7 Nc5 18. Qb5 Qxb7 19. cxd4 Ne4 20. Ng5
Nxg5 21. Qxg5 Qd5 22. Qxd5 exd5 23. Rfe1 Rfc8 24. Rd2 Rc7 25. Re5 Rac8 26. c3
Rxc3 27. g3 Rc2 28. Ree2 Rxd2 29. Rxd2 Rc4 30. Kg2 Kh7 31. Kf3 Kg6 32. Kf4 Kf6
33. h4 b5 34. g4 a5 35. h5 g5+ 36. Ke3 b4 37. f3 Kg7 38. Ke2 Kf6 39. Ke3 Kg7
40. Kd3 Rc3+ 41. Ke2 Rc4 1/2-1/2

[Event "Deutsche Ländermeisterschaft 2015"]
[Site "Hannover GER"]
[Date "2015.10.05"]
[Round "4"]
[White "Schamber, Dennis"]
[Black "Hesse, Henrik"]
[Result "1/2-1/2"]
[Termination "normal"]
[Board "7.4"]
[WhiteElo "1657"]
[BlackElo "1896"]
[WhiteTeam "Mecklenburg-Vorpommern"]
[BlackTeam "Berlin"]
[PlyCount "85"]
[WhiteFideId "12952176"]
[BlackFideId "12952060"]
[EventCountry "GER"]
[EventRounds "7"]
[EventType "team-swiss"]
[EventDate "2015.10.02"]

1. d4 d5 2. c4 e6 3. Nc3 c6 4. Nf3 dxc4 5. a4 Bb4 6. g3 Nf6 7. Bg2 Ne4 8. Qc2
Qa5 9. Bd2 Nxd2 10. Nxd2 Qd8 11. e3 b6 12. Nxc4 Bb7 13. O-O O-O 14. Ne5 f6 15.
Nd3 Qe7 16. Qb3 Na6 17. Nf4 Rfe8 18. Bh3 Bc8 19. Rfc1 Bd7 20. Bg2 g5 21. Nd3
Rac8 22. Na2 Bd6 23. Rc3 Rc7 24. Rac1 c5 25. dxc5 Nxc5 26. Nxc5 Rxc5 27. Rxc5
Bxc5 28. Qc4 Kg7 29. Rd1 Rc8 30. Qa6 Rc7 31. Nc3 Bc8 32. Qe2 Rd7 33. Rxd7 Qxd7
34. Qh5 Bb7 35. Bxb7 Qxb7 36. h4 h6 37. Qg4 Qd7 38. Qe4 f5 39. Qe5+ Kg6 40.
hxg5 hxg5 41. Qh8 Bb4 42. Qg8+ Kf6 43. Qh8+ 1/2-1/2

[Event "Deutsche Ländermeisterschaft 2015"]
[Site "Hannover GER"]
[Date "2015.10.05"]
[Round "4"]
[White "Rosenhain, Rachela"]
[Black "Wagner, Swenja"]
[Result "1/2-1/2"]
[Termination "normal"]
[Board "7.5"]
[WhiteElo "1792"]
[BlackElo "1719"]
[WhiteTeam "Berlin"]
[BlackTeam "Mecklenburg-Vorpommern"]
[PlyCount "68"]
[WhiteFideId "12957615"]
[BlackFideId "12900494"]
[EventCountry "GER"]
[EventRounds "7"]
[EventType "team-swiss"]
[EventDate "2015.10.02"]

1. e4 e5 2. Nf3 Nc6 3. Bc4 Nf6 4. d4 exd4 5. O-O Nxe4 6. Re1 d5 7. Bxd5 Qxd5 8.
Nc3 Qh5 9. Nxe4 Be6 10. Bg5 Bd6 11. Nxd6+ cxd6 12. Bf4 Qd5 13. Qd2 O-O 14. c3
dxc3 15. Qxc3 Rfd8 16. Red1 Qc5 17. Bxd6 Qxc3 18. bxc3 Rd7 19. Rd2 Rad8 20. Bf4
Rxd2 21. Nxd2 Rd3 22. Ne4 Bxa2 23. h3 Bd5 24. Nc5 Rxc3 25. Nxb7 f6 26. Nd6 Nd4
27. Kf1 Bc4+ 28. Nxc4 Rxc4 29. Rxa7 Rb4 30. Ra1 Kf7 31. Re1 Nc2 32. Rc1 Rxf4
33. Rxc2 Re4 34. Ra2 Re7 1/2-1/2

[Event "Deutsche Ländermeisterschaft 2015"]
[Site "Hannover GER"]
[Date "2015.10.05"]
[Round "4"]
[White "Breitzmann, Sander"]
[Black "Troyke, Jannis"]
[Result "1-0"]
[Termination "normal"]
[Board "7.7"]
[WhiteElo "1569"]
[BlackElo "1877"]
[WhiteTeam "Berlin"]
[BlackTeam "Mecklenburg-Vorpommern"]
[PlyCount "47"]
[WhiteFideId "12987085"]
[BlackFideId "12993115"]
[EventCountry "GER"]
[EventRounds "7"]
[EventType "team-swiss"]
[EventDate "2015.10.02"]

1. e4 c5 2. Nc3 Nc6 3. g3 g6 4. Bg2 Bg7 5. d3 e6 6. Be3 d6 7. Qd2 Nge7 8. Bh6
O-O 9. Bxg7 Kxg7 10. f4 Rb8 11. Nf3 b5 12. O-O Qb6 13. Kh1 Bd7 14. Rae1 Rfc8
15. e5 d5 16. g4 Rc7 17. Nh4 Na5 18. Bh3 b4 19. Nd1 c4 20. f5 Ng8 21. Qf4 Rf8
22. Rf2 cxd3 23. cxd3 Rc1 24. Qxc1 1-0

[Event "Deutsche Ländermeisterschaft 2015"]
[Site "Hannover GER"]
[Date "2015.10.05"]
[Round "4"]
[White "Bauer, Andreas"]
[Black "Maj, Kornel"]
[Result "1/2-1/2"]
[Termination "normal"]
[Board "8.1"]
[WhiteElo "2242"]
[BlackElo "2039"]
[WhiteTeam "Baden 2"]
[BlackTeam "Württemberg"]
[PlyCount "46"]
[WhiteFideId "4625030"]
[BlackFideId "1160613"]
[EventCountry "GER"]
[EventRounds "7"]
[EventType "team-swiss"]
[EventDate "2015.10.02"]

1. e4 c5 2. Nc3 Nc6 3. Bb5 Nd4 4. Bc4 e6 5. Nge2 Nf6 6. O-O b5 7. Nxd4 bxc4 8.
Nf3 Be7 9. e5 Nd5 10. Ne4 f5 11. Ng3 O-O 12. b3 Ba6 13. bxc4 Bxc4 14. d3 Ba6
15. c4 Nb4 16. a3 Nc6 17. Bb2 d5 18. exd6 Qxd6 19. Qe2 Bf6 20. Bxf6 Rxf6 21.
Rfe1 Rd8 22. Rad1 Nd4 23. Nxd4 Qxd4 1/2-1/2

[Event "Deutsche Ländermeisterschaft 2015"]
[Site "Hannover GER"]
[Date "2015.10.05"]
[Round "4"]
[White "Schmidt, Tobias"]
[Black "Grunau, Christoph"]
[Result "1/2-1/2"]
[Termination "normal"]
[Board "8.2"]
[WhiteElo "2121"]
[BlackElo "2194"]
[WhiteTeam "Württemberg"]
[BlackTeam "Baden 2"]
[PlyCount "49"]
[WhiteFideId "1271683"]
[BlackFideId "12929760"]
[EventCountry "GER"]
[EventRounds "7"]
[EventType "team-swiss"]
[EventDate "2015.10.02"]

1. e4 d6 2. d4 Nf6 3. Nc3 e5 4. Nf3 Nbd7 5. Bc4 Be7 6. O-O O-O 7. Re1 a6 8. a4
b6 9. Nd5 Bb7 10. Nxe7+ Qxe7 11. Bd3 Rfe8 12. d5 Nc5 13. b4 Nxd3 14. Qxd3 a5
15. Bd2 axb4 16. Bxb4 Qd7 17. Qb3 Reb8 18. Nd2 Ra7 19. Ra3 Rba8 20. Rea1 c5 21.
Bc3 b5 22. axb5 Rxa3 23. Rxa3 Rxa3 24. Qxa3 Qxb5 25. Qa5 1/2-1/2

[Event "Deutsche Ländermeisterschaft 2015"]
[Site "Hannover GER"]
[Date "2015.10.05"]
[Round "4"]
[White "Degenhard, Simon"]
[Black "Mangei, Jasmin"]
[Result "1-0"]
[Termination "normal"]
[Board "8.4"]
[WhiteElo "1838"]
[BlackElo "1867"]
[WhiteTeam "Württemberg"]
[BlackTeam "Baden 2"]
[PlyCount "85"]
[WhiteFideId "12944017"]
[BlackFideId "12951803"]
[EventCountry "GER"]
[EventRounds "7"]
[EventType "team-swiss"]
[EventDate "2015.10.02"]

1. e4 e5 2. Nf3 Nc6 3. Bb5 a6 4. Ba4 Nf6 5. d3 b5 6. Bb3 Be7 7. O-O d6 8. c3
O-O 9. Re1 Na5 10. Bc2 c5 11. Nbd2 Qc7 12. Nf1 Bd7 13. Ng3 Nc6 14. Nh4 Nxe4 15.
Rxe4 f5 16. Bb3+ Kh8 17. Ngxf5 Bxf5 18. Nxf5 Rxf5 19. a4 Raf8 20. Be3 Na5 21.
Bd5 c4 22. axb5 axb5 23. dxc4 Nxc4 24. Bxc4 bxc4 25. Ra7 Qc6 26. Qg4 R5f7 27.
Rxc4 Qb5 28. Rcc7 Qxb2 29. h3 Re8 30. Rxe7 Rfxe7 31. Rxe7 Rg8 32. Qe6 Qb8 33.
Qf7 Qf8 34. Qxf8 Rxf8 35. Re6 Kg8 36. Rxd6 Rc8 37. Bd2 Kf7 38. Kf1 Ke7 39. Ra6
Rc4 40. Ke2 Kf7 41. Kd3 Rc7 42. Be3 g6 43. Ra7 1-0

[Event "Deutsche Ländermeisterschaft 2015"]
[Site "Hannover GER"]
[Date "2015.10.05"]
[Round "4"]
[White "Wiesner, Alexander"]
[Black "Stoll, Katja"]
[Result "1/2-1/2"]
[Termination "normal"]
[Board "8.5"]
[WhiteElo "1844"]
[BlackElo "1840"]
[WhiteTeam "Baden 2"]
[BlackTeam "Württemberg"]
[PlyCount "83"]
[WhiteFideId "12943991"]
[BlackFideId "1271730"]
[EventCountry "GER"]
[EventRounds "7"]
[EventType "team-swiss"]
[EventDate "2015.10.02"]

1. e4 e5 2. Nf3 Nf6 3. Nc3 Nc6 4. a3 d6 5. d4 exd4 6. Nxd4 Be7 7. Bb5 Bd7 8.
O-O O-O 9. Be3 Nxd4 10. Qxd4 Ng4 11. Bxd7 Qxd7 12. Nd5 Nxe3 13. Qxe3 c6 14.
Nxe7+ Qxe7 15. Qf4 Qe5 16. Qxe5 dxe5 17. Rfd1 Rfd8 18. Kf1 Kf8 19. Ke2 Ke7 20.
c3 Ke6 21. b3 b6 22. Ra2 Rxd1 23. Kxd1 Rd8+ 24. Rd2 Rxd2+ 25. Kxd2 Kd6 26. Kd3
a6 27. a4 b5 28. axb5 axb5 29. b4 c5 30. Ke3 cxb4 31. cxb4 Ke6 32. Kf3 g6 33.
Kg3 f5 34. f3 fxe4 35. fxe4 Kf6 36. Kg4 h6 37. h3 Ke6 38. g3 Kf6 39. Kf3 Ke6
40. g4 Kf7 41. Kg3 g5 42. Kf3 1/2-1/2

[Event "Deutsche Ländermeisterschaft 2015"]
[Site "Hannover GER"]
[Date "2015.10.05"]
[Round "4"]
[White "Yi, Danny"]
[Black "Riegel, Arinna"]
[Result "1-0"]
[Termination "normal"]
[Board "8.6"]
[WhiteElo "1745"]
[BlackElo "1610"]
[WhiteTeam "Württemberg"]
[BlackTeam "Baden 2"]
[PlyCount "61"]
[WhiteFideId "12988588"]
[BlackFideId "12931446"]
[EventCountry "GER"]
[EventRounds "7"]
[EventType "team-swiss"]
[EventDate "2015.10.02"]

1. e4 c5 2. Nf3 e6 3. d4 cxd4 4. Nxd4 a6 5. Nc3 Qc7 6. Bd3 Nf6 7. O-O b5 8. a4
bxa4 9. Rxa4 Bb7 10. Nde2 Nc6 11. Bf4 Bd6 12. Bg3 Nh5 13. Kh1 Nxg3+ 14. Nxg3 g6
15. Qe2 Nb8 16. Qg4 h5 17. Qh4 Bf4 18. Nge2 g5 19. Qh3 Be5 20. Qe3 g4 21. f4
Bf6 22. e5 Be7 23. Rc4 Qd8 24. f5 Bg5 25. Qf2 h4 26. fxe6 Qe7 27. Qxf7+ Qxf7
28. exf7+ Ke7 29. Rxg4 Be3 30. Rg8 Nc6 31. Nd5+ 1-0

[Event "Deutsche Ländermeisterschaft 2015"]
[Site "Hannover GER"]
[Date "2015.10.05"]
[Round "4"]
[White "Wu, Luka"]
[Black "Lederer, Leia"]
[Result "1/2-1/2"]
[Termination "normal"]
[Board "8.7"]
[WhiteElo "1695"]
[BlackElo "1617"]
[WhiteTeam "Baden 2"]
[BlackTeam "Württemberg"]
[PlyCount "97"]
[WhiteFideId "12977420"]
[BlackFideId "12926353"]
[EventCountry "GER"]
[EventRounds "7"]
[EventType "team-swiss"]
[EventDate "2015.10.02"]

1. e4 e5 2. Nf3 Nc6 3. Bb5 a6 4. Bxc6 dxc6 5. O-O Bg4 6. h3 h5 7. d3 Bxf3 8.
Qxf3 Nf6 9. Nd2 Bd6 10. Nc4 Qd7 11. Be3 O-O-O 12. Rab1 Kb8 13. b4 Rdg8 14. a4
Ne8 15. b5 cxb5 16. axb5 axb5 17. Nd2 g5 18. Qe2 h4 19. c4 g4 20. hxg4 Rxg4 21.
Rxb5 Rhg8 22. f3 R4g6 23. Rf2 Nf6 24. Nf1 Nh5 25. Qb2 Qc6 26. Qa2 Nf4 27. Bxf4
exf4 28. Rd2 h3 29. Rbb2 Be7 30. Nh2 hxg2 31. Rxg2 Rxg2+ 32. Rxg2 Rxg2+ 33.
Qxg2 Qb6+ 34. Kh1 Qb1+ 35. Qf1 Qc2 36. d4 f5 37. exf5 Qxf5 38. d5 Qh5 39. Qe2
Bc5 40. Kg2 Qh8 41. Ng4 Qa1 42. Kh3 Qh8+ 43. Kg2 Qh4 44. Qe8+ Ka7 45. Qa4+ Kb8
46. Qe8+ Ka7 47. Qa4+ Kb8 48. Qe8+ Ka7 49. Qa4+ 1/2-1/2